Paradigm and Approach for Softwareproduction with the Mind-Windowing Methodology for Business Applications

Na minha lista:
Detalhes bibliográficos
Autor principal: Kohnle, Anton
Formato: Livro
Idioma:inglês
Publicado em: Bratislava University of Economics 1994
Edição:1. ed.
Assuntos:
Tags: Adicionar Tag
Sem tags, seja o primeiro a adicionar uma tag!

MARC

LEADER 00000nam a2200000 4500
001 c005468
005 20221221080339.5
041 0 |a eng 
044 |a SK 
245 1 0 |a Paradigm and Approach for Softwareproduction with the Mind-Windowing Methodology for Business Applications  |c Anton Kohnle 
250 |a 1. ed. 
264 1 |a Bratislava  |b University of Economics  |c 1994 
300 |a 102 s. 
610 2 0 |a programy počítačové 
610 2 0 |a softvér 
610 2 0 |a obchod 
610 2 0 |a systémy počítačové 
100 1 |a Kohnle, Anton